00559nam a2200205 a 4500001001300000003000900013005001700022008004100039020001000080082001700090100002400107245004900131260003600180300000900216500003500225505002200260650001600282650003100298700002400329nice12345678IN_TiNIC20260116012318.0070502s1987 muma grp 000 0 eng  ac32500a340.59bALI3 aAli, Zeenat Shaukat aMarriage and Divorce in Islamb An Appraisal aMumbai bJaico Pub.House c1987 a264p aincludes index and biblioraphy2 aappendix, biblio, aIslamic-Law aIslam-Marriage and Divorce1 aAli, Zeenat Shaukat